000 00477nam a2200193Ia 4500
005 20240823042506.0
008 240823s9999||||xx |||||||||||||| ||und||
020 _a81-8209-115-2
041 _aENGLISH
082 _A005.82 P6
100 _aAvudaimmal R
245 0 _aInformation Coding Techniques
250 _a1st
260 _c2006
_bVijay Nicole Imprints Private Li
500 _aTRANSFERED
650 _aCoding
_bComputer Science
942 _cBK
999 _c207992
_d207992